000
00311nam a22001337a 4500
020
_a
817826334-3
082
_a
823
_b
ROH/L
100
_a
ROHAN BOOK COMPANY
245
_a
LITTLE RED RIDING HOOD
260
_a
DELHI
_b
ROHAN BOOK COMPANY
_c
2003
300
_a
213
650
_a
MODERN ILLUSTRATED CLASSICS
942
_c
BK
999
_c
295
_d
295